[Event "BCF-chT 1314 (4NCL)"]
[Site "England"]
[Date "2014.05.05"]
[Round "11.111"]
[White "Adams, Michael"]
[Black "Vachier Lagrave, Maxime"]
[Result "0-1"]
[WhiteElo "2752"]
[BlackElo "2758"]
[Annotator "CB"]
[PlyCount "104"]
[EventDate "2013.11.16"]
[EventType "team-swiss"]
[EventRounds "11"]
[EventCountry "ENG"]
[SourceTitle "EXT 2015"]
[Source "ChessBase"]
[SourceDate "2014.11.20"]
[SourceVersion "1"]
[SourceVersionDate "2014.11.20"]
[SourceQuality "1"]
[WhiteTeam "Wood Green Hilsmark"]
[BlackTeam "Guildford"]
[WhiteTeamCountry "ENG"]
[BlackTeamCountry "ENG"]

1. e4 c5 2. Nf3 d6 3. d4 cxd4 4. Nxd4 Nf6 5. Nc3 a6 6. Be3 Ng4 7. Bg5 h6 8. Bh4
g5 9. Bg3 Bg7 10. Qd2 ({Häufiger geschieht} 10. h3 {z.B.:} Ne5 11. f3 Nbc6 12.
Bf2 Be6 13. Qd2 Rc8 14. O-O-O Nxd4 15. Bxd4 Qa5 16. a3 O-O 17. h4 g4 18. Qf2
Rc6 19. f4 Rfc8 20. Qg3 Nd7 21. Bxg7 Kxg7 22. f5 Rxc3 23. bxc3 Qxa3+ 24. Kd2
Nf6 25. Qd3 Bc4 26. Qd4 d5 27. exd5 Bxd5 28. Rg1 Be4 29. Bd3 Qa5 30. Qb4 Qc7
31. Bxe4 a5 32. Qxb7 Qf4+ 33. Ke2 Rc7 34. Qb6 Nxe4 35. Qd4+ Kh7 36. c4 Rd7 37.
Qe3 Ng3+ 38. Qxg3 Qxg3 39. Rxd7 Qe5+ {0-1 (41) Nakamura,H (2772)-Gelfand,B 
(2764) Elancourt 2013}) 10... Nc6 11. Nb3 b5 ({Die Alternative ist} 11... Be6)
12. h4 ({Adams hat auch schon} 12. f3 {probiert:} Nge5 13. Bf2 Na5 14. Nxa5
Qxa5 15. Be2 Be6 16. Bd4 b4 17. Nd1 d5 18. exd5 Qxd5 19. c3 bxc3 20. bxc3 Rd8
21. Ne3 Qa5 22. Rd1 Nc6 23. Nc2 Qxa2 24. O-O Nxd4 25. cxd4 Bb3 26. Bd3 Bxc2 27.
Bxc2 Rxd4 28. Qe2 Qe6 29. Qxe6 fxe6 30. Rde1 Rd6 31. Bb3 Bd4+ 32. Kh1 e5 33.
Rc1 Kf8 34. Rc7 Bb6 35. Rb7 Bc5 36. Re1 Rb6 37. Rxb6 Bxb6 38. Rxe5 Bd4 39. Re6
a5 40. g3 Bf6 41. Ra6 Bc3 42. Rc6 Bf6 43. Rc5 Kg7 44. Rxa5 Rb8 45. Bd5 Rb2 46.
Be4 h5 47. f4 gxf4 48. Rxh5 fxg3 49. hxg3 Re2 50. Bf3 Re5 51. Rh3 Re3 52. Kg2
Ra3 53. Rh5 Ra2+ 54. Kh3 Ra3 55. Kg2 Ra2+ 56. Kf1 Ra3 57. Kf2 Bd4+ 58. Kg2 Re3
59. Rh4 Bf6 60. Rg4+ Kf7 61. Bd5+ e6 62. Bf3 Ra3 63. Re4 Bg5 64. Re2 Kf6 65.
Rf2 Be3 66. Rf1 Ra2+ 67. Be2+ Kg5 68. Kf3 Bc5 69. Bc4 Ra3+ 70. Kg2 Bd6 71. Rf3
Rxf3 72. Kxf3 e5 {1/2-1/2 (72) Adams,M (2754)-Gelfand,B (2777) London 2013})
12... b4 13. Na4 gxh4 {Schon ein neuer Zug in einer viel gespielten Variante.}
(13... Bd7 14. hxg5 Na7 15. gxh6 Rxh6 16. Rxh6 Nxh6 {1-0 (66) Codenotti,M 
(2323)-Beerdsen,T (2019) Albena 2011} 17. Qg5 Bf8 18. Nac5 dxc5 19. Rd1 $11)
14. Bxh4 Bd7 15. f3 Nce5 (15... Nge5 {ist besser für Weiß:} 16. O-O-O Rb8 (
16... Na5 17. Qxb4 Nxb3+ (17... Bxa4 $4 18. Qxa4+ {verliert eine Figur.}) 18.
axb3 $16) 17. f4 $14) 16. fxg4 Bxa4 17. O-O-O Bd7 18. Be2 Nxg4 19. Qxb4 {
Stellte das materielle Gleichgewicht wieder her, öffent Schwarz aber auch
eine weitere Linie am Damenflügel.} a5 20. Qb7 Rb8 21. Qa7 Ra8 22. Qb7 Qb8 ({
Schwarz hätte hier Remis machen können, will aber mehr.} 22... Rb8) 23. Qxb8+
Rxb8 24. c3 {Feld b2 war in Gefahr.} a4 25. Nd4 Ne3 26. Rdg1 Rg8 27. Bf2 Ng4
28. Be1 Be5 29. Kb1 Nf6 30. Bf3 (30. Rxh6 Nxe4 31. Rh4 d5 $15) 30... h5 31. Bh4
Ng4 32. a3 Ne3 33. Be2 {Weiß verteidigt sich gegen Sc4. Mit seinem agilen
Springer und den gut harmonierenden Figuren hat Schwarz die Initative.} Bxd4
34. cxd4 Bb5 ({Noch stärker war} 34... Bg4 35. Bxg4 Rxg4 36. Be1 Rb3 $17) 35.
Rh3 ({Oder} 35. Bxb5+ Rxb5 36. Be1 Rg4 37. e5 dxe5 38. dxe5 Rxe5 $17) 35...
Bxe2 36. Rxe3 Ba6 37. e5 Rg4 38. g3 ({Zäher war} 38. Rg3 dxe5 39. dxe5 Rb5 40.
Rxg4 hxg4 41. Bg3 Bb7 $15) 38... d5 39. Rd1 Kd7 40. Rd2 Bc4 41. b4 axb3 42. Kb2
Ke6 43. Rf3 Rbg8 44. Rff2 Re4 45. Rd1 Rgg4 46. Kc3 Re3+ 47. Kb2 Rge4 48. Rdd2 (
48. Rfd2 $17) 48... Re1 {Das Eindringen beider Türme auf die Grundreihe
erweist sich als entscheidend.} 49. Rh2 Rg1 50. Rhf2 Ree1 51. Kc3 Ra1 52. Kb4
Ra2 0-1

[Event "Richardson UTD op"]
[Site "Richardson"]
[Date "2013.03.11"]
[Round "6"]
[White "Zherebukh, Yaroslav"]
[Black "Troff, Kayden W"]
[Result "0-1"]
[WhiteElo "2623"]
[BlackElo "2407"]
[Annotator "CB"]
[PlyCount "64"]
[EventDate "2013.03.09"]
[EventType "swiss"]
[EventRounds "9"]
[EventCountry "USA"]
[SourceTitle "CBM 153 Extra"]
[Source "ChessBase"]
[SourceDate "2013.04.22"]
[SourceVersion "1"]
[SourceVersionDate "2013.04.22"]
[SourceQuality "1"]

1. e4 c5 2. Nf3 d6 3. d4 cxd4 4. Nxd4 Nf6 5. Nc3 a6 6. Be3 e5 7. Nb3 Be6 8. f3
Be7 9. Qd2 O-O 10. O-O-O Nbd7 11. g4 b5 {Der U-14 Weltmeister hat keine Angst,
gegen den ebenfalls jungen, doch bereits berühmten, GM Zherebukh eine extrem
scharfe Stellung anzustreben. Dieser Mut zahlt sich aus!} 12. g5 b4 13. Ne2 Ne8
14. f4 a5 15. f5 Bxb3 16. cxb3 a4 17. Ng3 {Ein neuer Zug, den man allerdings
nicht mehr oft sehen wird. Hauptvariante ist bxa4.} axb3 18. axb3 d5 $1 {
Kraftvolles Spiel! Schwarz sprengt das Zentrum, um seine Figuren zu aktivieren.
Der Springer e8 will nach d6, wo er das Feld c4 angreift - und Weiß muss einen
Läufer auf c4 schützend vor seinen König stellen können, wenn er nicht Matt
gesetzt werden will.} 19. f6 $1 {Weiß schlägt zurück und bereitet Schwarz so
viele Probleme wie er kann.} Bc5 20. fxg7 Nxg7 21. exd5 Qb6 {Schwarz hat einen
Bauern weniger, verfügt aber über die Initiative. Hätte er die Gelegenheit,
könnte Weiß zwar selbst sehr schnell einen Angriff entwickeln, aber Schwarz
verhindert das, indem er bis zum Ende der Partie mit jedem Zug neue Drohungen
aufstellt.} 22. Bxc5 Nxc5 23. Qe3 Ra2 24. Re1 (24. Bc4 Rxb2 $1 {war die Idee
von Ta2.}) 24... Rc8 25. Kb1 Qg6+ $1 {The rook is taboo.} 26. Ne4 Nf5 27. Nf6+
(27. Qxc5 Rxc5 28. Nxc5 Ra5 {ist vollkommen hoffnungslos, also versucht es
Zherebukh noch mit ein paar Tricks.}) 27... Kh8 28. Bd3 Nxd3 29. Qxd3 Rca8 30.
Rxe5 Ra1+ 31. Kc2 Rc8+ 32. Kd2 Qxg5+ {Troffs Angriff war schnell und
vernichtend. Eine phantastische Partie des Jungstars!} 0-1

[Event "Morelia/Linares 23rd"]
[Site "Morelia/Linares"]
[Date "2006.03.03"]
[Round "8"]
[White "Leko, Peter"]
[Black "Vallejo Pons, Francisco"]
[Result "1/2-1/2"]
[WhiteElo "2740"]
[BlackElo "2650"]
[Annotator "CB"]
[PlyCount "48"]
[EventDate "2006.02.18"]
[EventType "tourn"]
[EventRounds "14"]
[EventCountry "ESP"]
[EventCategory "20"]
[SourceTitle "CBM 112"]
[Source "ChessBase"]
[SourceDate "2006.06.07"]
[SourceVersion "1"]
[SourceVersionDate "2006.06.07"]
[SourceQuality "1"]

1. e4 c5 2. Nf3 d6 3. d4 cxd4 4. Nxd4 Nf6 5. Nc3 a6 6. f3 e5 7. Nb3 Be6 8. Be3
Nbd7 9. g4 h6 10. Qd2 b5 11. O-O-O Qc7 12. Nd5 Bxd5 13. exd5 Nb6 14. Bxb6 Qxb6
15. Qa5 Qb7 16. Qb4 Be7 17. h4 Rb8 18. Na5 Nxd5 19. Qe4 Qb6 20. Rxd5 Qxa5 21.
Kb1 {#White has excellent compensation for the pawn. The presence of opposite
coloured bishops gives the central blockade a stable character. With his next
move, Vallejo tries to prevent White's influence on light squares getting
extended to the king side, too.} h5 22. f4 ({The immediate} 22. g5 {looks like
a better way to consolidate White's advantage of space,}) 22... exf4 ({Black
misses his chance to complicate matters with} 22... Qa4 $1) 23. g5 {Now his
position looks critical and the next move only things worse.} O-O 24. g6 Bf6 {#
} ({White's decision to agree to a draw is at least questionable. After} 24...
Bf6 25. gxf7+ {his attack would have been iresistible, something typical for
middlegame positions with opposite coloured bishops, for instance} Rxf7 ({
Could Leko have missed that in case of} 25... Kxf7 {he would have disposed over
} 26. Bc4) 26. Bd3) 1/2-1/2

[Event "ISL-ch"]
[Site "Reykjavik"]
[Date "2015.05.22"]
[Round "9"]
[White "Hjartarson, Johann"]
[Black "Steingrimsson, Hedinn"]
[Result "0-1"]
[WhiteElo "2566"]
[BlackElo "2532"]
[Annotator "CB"]
[PlyCount "92"]
[EventDate "2015.05.14"]
[EventType "tourn"]
[EventRounds "11"]
[EventCountry "ISL"]
[EventCategory "9"]
[SourceTitle "CBM 166 Extra"]
[Source "ChessBase"]
[SourceDate "2015.06.18"]
[SourceVersion "1"]
[SourceVersionDate "2015.06.18"]
[SourceQuality "1"]
[WhiteClock "0:31:39"]
[BlackClock "0:39:20"]

{GM Hjartarson had a topsy turvy tournament. He won a good game where he was
white against GM Stefansson, but also lost some games unexpectedly.} 1. e4 c5
2. Nf3 d6 3. d4 cxd4 4. Nxd4 Nf6 5. Nc3 a6 6. Be3 e5 7. Nb3 Be7 8. h3 Be6 9. f4
exf4 10. Bxf4 Nc6 11. Qe2 Ne5 12. O-O-O Nfd7 13. Kb1 O-O 14. g4 Re8 15. Qe3 Bf8
16. g5 b5 17. h4 b4 18. Nd5 a5 19. Qg3 a4 20. Nd4 b3 {black opens up lines
towards the white king} 21. cxb3 axb3 22. Nxb3 ({The move} 22. a3 $5 {came
into consideration here. GM Hjartarson was afraid of} Nc5 $5 {here. As an
example:} (22... Bg4 $5) 23. Bg2 Nc4 24. Qc3 Nxa3+ 25. bxa3 Rxa3 {with an
attack}) 22... Qb8 23. Bh3 Qa7 24. Nc1 Nc5 (24... Nc4 $5 {is also interesting})
25. Bxe5 (25. Bxe6 Rxe6 26. Rhe1 Ng6 $11) ({if} 25. Rhe1 {then} Nc4) 25... Bxd5
(25... dxe5 $5 26. Bxe6 Rxe6 {with the idea ...Ra6}) 26. exd5 dxe5 (26... Rxe5
$5 {was also interesting with the idea} 27. Rhe1 Rxe1 28. Qxe1 g6) 27. Qe3 Qb6
28. Rh2 Rab8 29. h5 e4 30. Rc2 Qd6 (30... Re5 $5) 31. Rd4 ({an important line
here was:} 31. g6 $6 hxg6 32. hxg6 Qxg6 33. Rxc5 $2 Bxc5 34. Qxc5 e3+ $1 {
and white can not avoid loosing material after either} 35. Qc2 ({or} 35. Ka1
Qh5 36. Rh1 e2) 35... e2 36. Re1 Qg3) 31... g6 (31... Re5 $5) 32. hxg6 ({if} 
32. h6 {then} Re5 {is unpleasant}) 32... hxg6 33. Rdc4 Rb5 (33... Nd3 $5) 34.
Bf1 Ra5 (34... Reb8 $5) 35. b4 {this move was critizised by some commentators
after the game} (35. Ne2 Qxd5 36. Nc3 Qb7 $11) (35. Rf2 {as suggested instead,
but after for example} Qe5 $5 {white has a difficult position where it is hard
to find a concrete plan and at the same time the weak pawns on g5 and d5 are
targets for black. The black minor pieces are stronger than their white
counterparts.} (35... Rb8 $5) (35... Be7 $5) ({taking the pawn right away with
} 35... Qxd5 $6 {only activates the white bishop along the long diagonal}) 36.
Rd4 Be7 $5 (36... Nb7 $5 37. Nb3 Bc5 38. Nxc5 Rxc5) 37. Rg2 Bd6) 35... Rb8 36.
a3 Qxd5 {black is better now} 37. Rh2 $2 {white tries to get some kind of an
attack going} ({the computer move} 37. R2c3 {was probably best here with the
idea to vacate the c2 square for the white king after} Qe5 $6 (37... Ne6 $1 38.
Rxe4 Nxg5) (37... Na4 $5) (37... Be7 $5) {and play} 38. Kc2) 37... Qe5 38. Qh3
$2 {white continues with the same over optimistic attacking plan} ({the
computer gives} 38. Ra2 {as the best move for white here which clearly shows
that 37.Rh2 was too optimistic and that white should only trying to survive
black's attack on his king}) 38... Bg7 {finally the bishop arrives at the long
diagonal. The white king can no longer be defended} 39. Nb3 {this fails
because of tactics, but there was no good alternative} Rxa3 $1 40. Rxc5 Rxb3+
$1 {simple and effective} 41. Qxb3 Qxh2 $1 {white resigned because the white
king can not be defended and white can not create any counterplay. A sample
variation:} 42. Bc4 Qg1+ 43. Kc2 Qf2+ 44. Kb1 e3 {threatening e2 and white can
not try to activate the rook with} 45. Rc7 {due to} Qg1+ 46. Kc2 Qh2+ {picking
up the rook} 0-1

[Event "Jermuk FIDE GP (Women)"]
[Site "Jermuk"]
[Date "2012.07.19"]
[Round "3"]
[White "Hou, Yifan"]
[Black "Ju, Wenjun"]
[Result "1/2-1/2"]
[WhiteElo "2617"]
[BlackElo "2518"]
[Annotator "CB"]
[PlyCount "83"]
[EventDate "2012.07.16"]
[EventType "tourn"]
[EventRounds "11"]
[EventCountry "ARM"]
[EventCategory "11"]
[SourceTitle "CBM 150"]
[Source "ChessBase"]
[SourceDate "2012.09.14"]
[SourceVersion "1"]
[SourceVersionDate "2012.09.14"]
[SourceQuality "1"]

{The Women's World Champion was unable to create problems for her opponent in
the clash between compatriots. Black maintained at least her share of the
initiative, reacting well to White's ideas. In an attempt to stir up
complications, Yifan sacrificed a pawn, but again Black responded admirably.
At one point Black might have attempted to gain an advantage...} 1. e4 c5 2.
Nf3 d6 3. d4 cxd4 4. Nxd4 Nf6 5. Nc3 a6 6. h3 e5 7. Nde2 h5 8. Bg5 Be6 9. Bxf6
Qxf6 10. Nd5 Qd8 11. Nec3 g6 12. Bc4 Bh6 13. O-O O-O 14. a4 Nc6 15. Qd3 Rc8 16.
Ba2 Kh8 17. Rad1 Qa5 18. Ne2 Bxd5 19. Qxd5 Qxa4 20. Bb3 Qb4 21. Qxd6 Qxe4 22.
Nc3 Qf5 23. Qd7 Na5 ({After} 23... Nd4 24. Qxb7 Rb8 25. Qxa6 Nxb3 26. cxb3 Rxb3
{it is clear that Black has a preferable position.}) 24. Ba2 Kg7 25. Rfe1 Qxd7
26. Rxd7 Rcd8 27. Rxd8 Rxd8 28. Rxe5 Nc6 29. Rd5 Bc1 30. Na4 Rxd5 31. Bxd5 b5
32. Bxc6 bxa4 33. Bxa4 Bxb2 34. Kf1 Kf6 35. Ke2 Bd4 36. h4 Ke7 37. g3 a5 38.
Bb3 Bc5 39. Ba4 Bd4 40. Bb3 Bc5 41. Ba4 Bd4 42. Bb3 1/2-1/2

[Event "Biel Suri Memorial"]
[Site "Biel"]
[Date "2014.07.18"]
[Round "5"]
[White "Harikrishna, Pentala"]
[Black "Wojtaszek, Radoslaw"]
[Result "1/2-1/2"]
[WhiteElo "2726"]
[BlackElo "2733"]
[Annotator "CB"]
[PlyCount "93"]
[EventDate "2014.07.14"]
[EventType "tourn"]
[EventRounds "10"]
[EventCountry "SUI"]
[EventCategory "19"]
[SourceTitle "CBM 162"]
[Source "ChessBase"]
[SourceDate "2014.09.17"]
[SourceVersion "1"]
[SourceVersionDate "2014.09.17"]
[SourceQuality "1"]

1. e4 c5 2. Nf3 d6 3. d4 cxd4 4. Nxd4 Nf6 5. Nc3 a6 6. Qe2 {This bizarre move
has been played before, but it is not popular at all. Actually more games have
finished in an agreed draw after 5...a6 than there have been games in which
Qe2 was played. Interestingly enough Harikrishna had faced this as Black in
2006.} Nc6 (6... e5 {Romero-Harikrishna, 2006}) 7. Nxc6 bxc6 8. e5 Nd5 9. Bd2
Nxc3 10. Bxc3 d5 11. h4 h5 12. Qd3 e6 13. Be2 Bb7 14. b4 c5 15. bxc5 Bxc5 {
White's opening experiment didn't really net him anything. Black is ok, he has
no real problems besides a somewhat weak kingside but his counterplay on the
other side of the board will compensate for this.} 16. Bd4 Bc6 17. Bxc5 Qa5+
18. c3 Qxc5 19. a4 Rb8 20. O-O a5 21. Rfb1 Rxb1+ 22. Rxb1 O-O 23. Qd4 Qxd4 24.
cxd4 Bxa4 25. Ra1 Bc2 26. Rxa5 Bg6 {The rest could have been spared} 27. f3 Rb8
28. Ra2 Rb4 29. Rd2 Kh7 30. Kf2 Kh6 31. Ke3 Bb1 32. Bd1 f6 33. g3 Kg6 34. Kf4
Kh6 35. Ke3 Kg6 36. g4 Kh6 37. exf6 gxf6 38. Rg2 hxg4 39. fxg4 e5 40. Rd2 Rxd4
41. Rxd4 exd4+ 42. Kxd4 Be4 43. Ke3 Bg6 44. Bf3 Bf7 45. Kd4 Be6 46. g5+ fxg5
47. hxg5+ 1/2-1/2

[Event "Biel Suri Memorial"]
[Site "Biel"]
[Date "2014.07.16"]
[Round "3"]
[White "Giri, Anish"]
[Black "Wojtaszek, Radoslaw"]
[Result "1-0"]
[WhiteElo "2750"]
[BlackElo "2733"]
[Annotator "CB"]
[PlyCount "167"]
[EventDate "2014.07.14"]
[EventType "tourn"]
[EventRounds "10"]
[EventCountry "SUI"]
[EventCategory "19"]
[SourceTitle "CBM 162"]
[Source "ChessBase"]
[SourceDate "2014.09.17"]
[SourceVersion "1"]
[SourceVersionDate "2014.09.17"]
[SourceQuality "1"]

{Meanwhile Anish Giri played a very long game against Radoslaw Wojtaszek. The
Dutch player started the game with powerful play, positionally outplaying his
Polish opponent. Slowly it seemed that Black's position just became worse and
worse and worse, but out of nowhere Giri let his attention slip and Wojtaszek
found counterchances. He even had a brilliant draw at some point in the
endgame (see the annotations below) but he was unable to find it. Exhaustion
must have gotten to him as he blundered again in a difficult to win endgame
and Anish Giri collected his first point of the tournament.} 1. e4 c5 2. Nf3 d6
3. d4 cxd4 4. Nxd4 Nf6 5. Nc3 a6 6. h3 e5 7. Nde2 h5 8. g3 Be6 9. Bg2 b5 10.
O-O Nbd7 11. Be3 Nb6 12. b3 Be7 13. Qd2 Qc7 14. a4 bxa4 15. Nxa4 Nxa4 16. Rxa4
O-O 17. Rfa1 Rfc8 18. c4 Rcb8 19. R4a3 Nd7 20. Nc3 Qc8 21. Qd1 Nf6 22. Kh2 h4
23. gxh4 Nd7 24. h5 Nc5 25. Na4 Nxa4 26. Rxa4 Rb7 27. Rc1 Rab8 28. Rc3 Rb4 29.
Rxb4 Rxb4 30. f4 Kh7 31. f5 Bd7 32. h6 g6 33. Qd5 Qe8 34. fxg6+ fxg6 35. Qd2
Be6 36. Rd3 Rb7 37. Qa5 Qc6 38. Qd2 Bf8 39. Bg5 Rf7 40. Qe1 Qb6 41. Be3 Qc7 42.
Qg3 a5 43. Bd2 a4 44. bxa4 Qxc4 45. a5 Qa2 46. Qe3 d5 47. exd5 Bf5 48. Rb3 e4
49. Qc3 Bd6+ 50. Kh1 e3 51. Qxe3 Re7 52. Qc3 Be5 53. Ra3 Bxc3 54. Rxa2 Re2 55.
a6 Bxd2 56. Bf3 Re1+ (56... Rf2 $1 57. a7 (57. d6 Rxf3 58. Rxd2 Rxh3+ 59. Kg2
Kxh6 $11) 57... Rxf3 $1 58. a8=Q Be4 $1 {White can't escape the perpetual!} 59.
Kg1 {is forced (or Kh2)} Be3+ 60. Kh2 Bf4+ 61. Kg1 Be3+) 57. Kg2 Be3 58. a7
Bxa7 59. Rxa7+ Kxh6 60. h4 Re3 61. Kf2 Rd3 62. Rf7 Rd4 63. Kg3 Bc2 64. Rf4 Rd2
65. Rb4 Bd1 66. Be4 g5 67. Rb6+ Kh5 68. Bg6+ Kh6 69. Be4+ Kh5 70. hxg5 Kxg5 71.
Rg6+ Kh5 72. Kf4 Rf2+ 73. Ke5 Re2 74. Rc6 Ba4 75. Rc8 Kh6 76. Rc7 Be8 77. Rh7+
Kg5 78. Rg7+ Kh6 79. Rg3 Re1 80. d6 Kh5 $6 (80... Bd7 $1) 81. Kf4 Kh6 82. Rg8
Ba4 $4 (82... Rd1 83. Ke5 $1 Bd7 {at least didnt lose right away.}) 83. Rg6+
Kh5 84. Re6 {Now Black is helpless against the threat of Bf3+ mating! Also
Bg6+ is up in the air.} 1-0

[Event "Tbilisi Team"]
[Site "Tbilisi"]
[Date "1979.03.??"]
[Round "?"]
[White "Vasiukov, Evgeni"]
[Black "Gufeld, Eduard"]
[Result "0-1"]
[WhiteElo "2560"]
[BlackElo "2530"]
[Annotator "ChessBase"]
[PlyCount "83"]
[EventDate "1979.03.24"]
[EventType "team-tourn"]
[EventRounds "3"]
[EventCountry "GEO"]
[SourceTitle "EXT 2009"]
[Source "ChessBase"]
[SourceDate "2008.11.26"]
[SourceVersion "1"]
[SourceVersionDate "2008.11.26"]
[SourceQuality "1"]

1. e4 c5 2. Nf3 d6 3. d4 cxd4 4. Nxd4 Nf6 5. Nc3 a6 6. f3 e5 7. Nb3 Be6 8. Be3
Be7 9. Qd2 O-O 10. O-O-O b5 11. Nd5 Nxd5 12. exd5 Bf5 13. g4 Bd7 14. Na5 f5 15.
Be2 f4 16. Bf2 e4 17. Be1 e3 18. Qb4 Bxg4 19. fxg4 f3 20. Bxf3 Rxf3 21. Qe4 Qf8
22. Bg3 Nd7 {[#]} 23. Qe6+ $2 (23. Nb7) (23. Nb3) 23... Kh8 $19 24. Nb3 Rd8 $15
(24... Ne5 $19) 25. Kb1 Ne5 {[#]} 26. g5 $2 (26. Bxe5 dxe5 27. Nc1 Bd6 $15)
26... e2 $19 27. Rde1 Rf1 28. Qh3 Rxh1 29. Rxh1 Qf3 30. Re1 Bxg5 31. Nd4 Qxd5
32. Nxe2 Nf3 33. Nc3 Qc4 34. Rd1 Nd2+ 35. Ka1 b4 36. Nb1 Ne4 37. Qg2 Bf6 38.
Rd3 d5 ({In Informator 27/450 :} 38... Rc8 39. Qh3 h6 40. a3 a5 41. Be1 d5 42.
axb4 axb4) 39. a3 a5 40. Be1 Rc8 41. Qg4 h6 42. axb4 0-1

[Event "Moscow International"]
[Site "Moscow"]
[Date "1982.05.18"]
[Round "7"]
[White "Tal, Mihail"]
[Black "Szekely, Peter"]
[Result "1/2-1/2"]
[WhiteElo "2605"]
[BlackElo "2430"]
[Annotator "ChessBase"]
[PlyCount "42"]
[EventDate "1982.05.09"]
[EventType "tourn"]
[EventRounds "13"]
[EventCountry "URS"]
[EventCategory "10"]
[SourceTitle "MCL"]
[Source "ChessBase"]
[SourceDate "1999.07.01"]
[SourceVersion "1"]
[SourceVersionDate "1999.07.01"]
[SourceQuality "1"]

1. e4 c5 2. Nf3 d6 3. d4 cxd4 4. Nxd4 Nf6 5. Nc3 a6 6. a4 Nc6 7. Be2 e5 8. Nf3
h6 9. Be3 Be6 10. O-O Rc8 11. Qd2 Be7 12. Rfd1 O-O 13. h3 Qc7 14. Nd5 {[#]}
Bxd5 $6 (14... Nxe4 15. Nxc7 Nxd2 16. Nxe5 Nxe5 17. Nxe6 Ndf3+ 18. gxf3 fxe6
$11) 15. exd5 $14 Na5 16. Rac1 (16. Qb4 $14) 16... Nc4 17. Bxc4 Qxc4 18. b3 Qc3
19. Qe2 Qb4 20. Qe1 Ne4 21. c4 Qxb3 1/2-1/2

[Event "YUG Team-ch36"]
[Site "Pula"]
[Date "1984.09.05"]
[Round "1.1"]
[White "Matanovic, Aleksandar"]
[Black "Marjanovic, Slavoljub"]
[Result "0-1"]
[WhiteElo "2490"]
[BlackElo "2525"]
[Annotator "ChessBase"]
[PlyCount "58"]
[EventDate "1984.09.05"]
[EventType "team-tourn"]
[EventRounds "9"]
[EventCountry "YUG"]
[SourceTitle "EXT 2010"]
[Source "ChessBase"]
[SourceDate "2010.11.25"]
[SourceVersion "1"]
[SourceVersionDate "2010.11.25"]
[SourceQuality "1"]
[WhiteTeam "Belgrade Crvena Zvezda"]
[BlackTeam "Nis Zeleznicar"]
[WhiteTeamCountry "YUG"]
[BlackTeamCountry "YUG"]

1. e4 {1)Sahovski Glasnik 1984, p.407-413. Tournament report by Kovacevic,V.}
c5 2. Nf3 d6 3. d4 cxd4 4. Nxd4 Nf6 5. Nc3 a6 6. Be3 e5 7. Nb3 Be6 8. Qd2 Nbd7
9. f4 b5 10. f5 Bc4 11. a4 d5 12. exd5 Bb4 13. Bd3 Nxd5 14. axb5 axb5 15. Ke2
N7f6 16. Bg5 Rxa1 17. Rxa1 Qc8 18. Bxf6 gxf6 19. Qh6 Nf4+ 20. Kd1 Nxd3 21. Ne4
Nxb2+ 22. Kc1 Bxb3 23. c3 Nd3+ 24. Kd2 Nf2 25. Nxf6+ Kd8 26. cxb4 Qc2+ 27. Ke3
Nd1+ 28. Rxd1+ Qxd1 29. Qg7 Qd4+ 0-1